Máquinas sembradoras de grano grueso: descripción y su uso
Salvato in:
| Autore principale: | |
|---|---|
| Natura: | Libro |
| Lingua: | spagnolo |
| Pubblicazione: |
Santiago
FAO
1986
|
| Soggetti: | |
| Tags: |
Aggiungi Tag
Nessun Tag, puoi essere il primo ad aggiungerne!!
|
MARC
| LEADER | 00000nam a2200000 a 4500 | ||
|---|---|---|---|
| 001 | UCQ4005 | ||
| 003 | CL-VaPUC | ||
| 008 | 980829e19860000CL |||||||||||||||||spa|d | ||
| 082 | 0 | 4 | |a 631.3 |b DEL |2 21 |
| 100 | 0 | |a Delafosse, Roberto M |e author |9 418227 | |
| 245 | 1 | 0 | |a Máquinas sembradoras de grano grueso: descripción y su uso |
| 300 | |a 48 p | ||
| 942 | |c BK | ||
| 945 | |d 19980829 00:00:00 |a aarredon | ||
| 260 | |a Santiago |b FAO |c 1986 | ||
| 650 | 7 | |a SEMBRADORA |2 CL-VaPUC |9 418228 | |
| 650 | 7 | |a MAQUINARIA AGRICOLA |2 CL-VaPUC |9 264357 | |
| 650 | 0 | |a Siembra |9 360167 | |
| 650 | 0 | |a Semillas |9 264396 | |
| 583 | |a last modification |c 19980829 00:00:00 |k Rodrigo Vera | ||
| 999 | |c 274510 |d 274508 | ||